<?xml version="1.0" encoding="UTF-8"?><?xml-stylesheet type="text/xsl" href="static/style.xsl"?><OAI-PMH xmlns="http://www.openarchives.org/OAI/2.0/" xmlns:xsi="http://www.w3.org/2001/XMLSchema-instance" xsi:schemaLocation="http://www.openarchives.org/OAI/2.0/ http://www.openarchives.org/OAI/2.0/OAI-PMH.xsd"><responseDate>2026-05-17T19:59:25Z</responseDate><request verb="GetRecord" identifier="oai:recam.amb.cat:20.500.14439/4794" metadataPrefix="marc">https://recam.amb.cat/rest/oai/request</request><GetRecord><record><header><identifier>oai:recam.amb.cat:20.500.14439/4794</identifier><datestamp>2026-05-06T23:45:17Z</datestamp><setSpec>com_20.500.14439_2628</setSpec><setSpec>com_20.500.14439_123</setSpec><setSpec>col_20.500.14439_4788</setSpec></header><metadata><record xmlns="http://www.loc.gov/MARC21/slim" xmlns:dcterms="http://purl.org/dc/terms/" xmlns:xsi="http://www.w3.org/2001/XMLSchema-instance" xmlns:doc="http://www.lyncode.com/xoai" xsi:schemaLocation="http://www.loc.gov/MARC21/slim http://www.loc.gov/standards/marcxml/schema/MARC21slim.xsd">
   <leader>00925njm 22002777a 4500</leader>
   <datafield ind2=" " ind1=" " tag="042">
      <subfield code="a">dc</subfield>
   </datafield>
   <datafield ind2=" " ind1=" " tag="720">
      <subfield code="a">Observatori Metropolità de l'Habitatge de Barcelona</subfield>
      <subfield code="e">author</subfield>
   </datafield>
   <datafield ind2=" " ind1=" " tag="260">
      <subfield code="c">2024-01-01</subfield>
   </datafield>
   <datafield ind2=" " ind1=" " tag="520">
      <subfield code="a">En el primer apartat, es presenten les dades sobre el volum de l’oferta d’habitatge de lloguer segons el portal habitaclia. En el segon apartat, es descriuen les dades sobre els preus de l’oferta d’habitatge de lloguer, sempre segons el portal habitaclia. Els següents apartats presenten les dades sobre el volum de demanda (apartat 3) i el preu de demanda (apartat 4). Seguidament s’analitza la distribució per trams de preus de l’oferta i la demanda d’habitatge de lloguer (apartat 5) i, finalment, es contrasten les dades exposades amb l’estadística d’INCASÒL (apartat 6). L’informe conclou amb una nota metodològica que permet aprofundir en el tractament de les dades dels portals immobiliaris.</subfield>
   </datafield>
   <datafield ind1="8" ind2=" " tag="024">
      <subfield code="a">https://hdl.handle.net/20.500.14439/4794</subfield>
   </datafield>
   <datafield tag="653" ind2=" " ind1=" ">
      <subfield code="a">Habitatge</subfield>
   </datafield>
   <datafield tag="653" ind2=" " ind1=" ">
      <subfield code="a">Oferta i demanda</subfield>
   </datafield>
   <datafield ind2="0" ind1="0" tag="245">
      <subfield code="a">L’oferta i la demanda d’habitatges de lloguer: dades de portals immobiliaris: tercer  trimestre de 2023</subfield>
   </datafield>
</record></metadata></record></GetRecord></OAI-PMH>